[Event "75th Ambelokipi Open"]
[Site "Athens GRE"]
[Date "2007.01.20"]
[Round "3"]
[White "Savoglou,N"]
[Black "Trivizas,M"]
[Result "1/2-1/2"]
[WhiteElo "1890"]
[BlackElo "2037"]

1.d4 Nf6 2.c4 e6 3.Nc3 Bb4 4.Nf3 c5 5.g3 O-O 6.Bg2 cxd4 7.Nxd4 d5 8.cxd5 Nxd5
9.Bd2 Nxc3 10.bxc3 Bc5 11.Nb3 Be7 12.O-O Qc7 13.Qc2 Bd7 14.a4 Nc6 15.Rfc1 Rac8
16.Qe4 e5 17.Be3 b6 18.a5 Be6 19.axb6 axb6 20.Nd2 Rfd8 21.Qb1 Bc5 22.Bxc5 bxc5
23.Nf3 Rb8 24.Qe4 Bd5 25.Qe3 Qe7 26.Rab1 f6 27.Nd2 Bxg2 28.Kxg2 Na5 29.Rxb8 Rxb8
30.Qe4 Qe6 31.Ra1 f5 32.Qa4 Qd5+ 33.Nf3 Nb3 34.c4 Qb7 35.Rd1 e4 36.Ne5 e3+
37.Qc6 Qxc6+ 38.Nxc6 exf2 39.Kxf2 Rb6 40.Ne5 Nd4 41.Nd3 Ne6 42.Ne5 g5 43.Rd5 Rb2
44.Nf3 g4 45.Nh4 Rc2 46.Nxf5 Rxc4 47.Ne3 Re4 48.Nd1 Kf7 49.e3 Rc4 50.Ke2 Kf6
51.Nf2 Ng5 52.Kd3 Ra4 53.Rxc5 h5 54.Rc4 Ra3+ 55.Rc3 Ra2 56.Rc2 Ra3+ 57.Rc3  1/2-1/2

[Event "Open"]
[Site "Marianske Lazne CZE"]
[Date "2007.01.20"]
[Round "1"]
[White "Sipl,F"]
[Black "Kozak,Mi"]
[Result "0-1"]
[WhiteElo "1908"]
[BlackElo "2244"]

1.d4 Nf6 2.c4 e6 3.Nc3 Bb4 4.Nf3 c5 5.Bg5 h6 6.Bxf6 Bxc3+ 7.bxc3 Qxf6 8.e3 b6
9.Be2 O-O 10.O-O d6 11.a4 Nc6 12.Qc2 Na5 13.Rad1 Ba6 14.Qa2 Rfd8 15.Rfe1 Rac8
16.Rd2 cxd4 17.cxd4 Bxc4 18.Bxc4 Rxc4 19.Rc2 Rdc8 20.Rec1 Rxc2 21.Rxc2 Qd8
22.Nd2 d5 23.g3 Qd7 24.Kg2 Rxc2 25.Qxc2 Qc6 26.Qd1 Qc3 27.Nb1 Qb2 28.Qd3 Nc4
29.e4 g6 30.exd5 exd5 31.Nc3 Qb3 32.Qf3 Nd2 33.Qe3 Ne4 34.Nxe4 Qxe3 35.Nf6+ Kg7
36.Nh5+ gxh5 37.fxe3 Kg6 38.Kf3 Kf5 39.h3 a6 40.g4+ hxg4+ 41.hxg4+ Ke6  0-1

[Event "Gibtelecom Masters"]
[Site "Catalan Bay ENG"]
[Date "2007.01.23"]
[Round "1"]
[White "Kuzubov,Y"]
[Black "Sachdev,T"]
[Result "1/2-1/2"]
[WhiteElo "2554"]
[BlackElo "2380"]

1.d4 Nf6 2.c4 e6 3.Nc3 Bb4 4.Nf3 c5 5.e3 O-O 6.Bd3 d5 7.O-O Nc6 8.a3 Bxc3
9.bxc3 Qc7 10.cxd5 exd5 11.h3 Re8 12.Bb2 c4 13.Bc2 Ne4 14.Bxe4 Rxe4 15.Nd2 Re8
16.Qf3 Be6 17.Rfe1 f5 18.a4 a6 19.Ba3 b5 20.Bc5 bxa4 21.Rxa4 Reb8 22.Ra2 a5
23.Qd1 Rb5 24.Qa4 Rab8 25.Qa3 Qd7 26.f3 Nd8 27.Bd6 R8b6 28.Bg3 Qf7 29.Kh2 Bc8
30.e4 f4 31.Bh4 g5 32.Bxg5 Ne6 33.Qe7 Qxe7 34.Bxe7 Rb2 35.Rea1 Bb7 36.exd5 Bxd5
37.Ba3 Rxa2 38.Rxa2 Rb5 39.Ra1 Kf7 40.Re1 Ng7 41.Re5 Kg6 42.g4 fxg3+ 43.Kxg3 Nh5+
44.Kh4 Nf6 45.f4 Rb7 46.f5+ Kf7 47.Kg5 a4 48.Re1 Kg7 49.Kf4 Kf7 50.Ra1 Rb8
51.Re1 Rb7 52.Ke5 Rb5 53.Kf4 Rb7  1/2-1/2

[Event "Gibtelecom Masters"]
[Site "Catalan Bay ENG"]
[Date "2007.01.23"]
[Round "1"]
[White "Roiz,M"]
[Black "Butnorius,A"]
[Result "1-0"]
[WhiteElo "2605"]
[BlackElo "2402"]

1.d4 Nf6 2.c4 e6 3.Nc3 Bb4 4.Nf3 b6 5.Qc2 Bb7 6.a3 Bxc3+ 7.Qxc3 d6 8.e3 Nbd7
9.Be2 O-O 10.O-O Ne4 11.Qc2 f5 12.b4 Rf6 13.d5 exd5 14.Bb2 Rg6 15.Rad1 dxc4
16.Bxc4+ Kh8 17.Bd5 Bxd5 18.Rxd5 Ndf6 19.Rxf5 Qd7 20.Rf4 Re8 21.Nh4 Rh6 22.Nf5 Rg6
23.Rc1 c5 24.Rd1 d5 25.bxc5 bxc5 26.Nh4 Rh6 27.Bxf6 Rxf6 28.Rxe4 Rxe4 29.Qxe4 dxe4
30.Rxd7 g5 31.Rxa7 gxh4 32.Rc7 Rb6 33.h3 Rb5 34.Re7 Rb1+ 35.Kh2 Rb2 36.Rxe4 Rxf2
37.Rxh4 Rc2 38.a4 Kg7 39.Kg3 Kg6 40.Kf3 h5 41.Rf4 Rc1 42.Ke4 Rc2 43.Kd5 Rxg2
44.Kxc5 Rg3 45.h4 Rxe3 46.a5 Re5+ 47.Kb4 Re6 48.Kb3 Re3+ 49.Ka4 Re6 50.Rc4 Kf5
51.Kb5 Re1 52.a6 Ra1 53.Ra4 Rb1+ 54.Kc6 Rc1+ 55.Kd7 Rd1+ 56.Ke7 Re1+ 57.Kf7 Rc1
58.Ra5+ Kg4 59.a7  1-0

[Event "Open"]
[Site "Geneve SUI"]
[Date "2007.01.24"]
[Round "5"]
[White "Bauer,Ch"]
[Black "Stojanovic,Mih"]
[Result "1/2-1/2"]
[WhiteElo "2609"]
[BlackElo "2576"]

1.d4 Nf6 2.c4 e6 3.Nf3 Bb4+ 4.Nc3 b6 5.Bg5 Bb7 6.Nd2 h6 7.Bh4 c5 8.d5 d6
9.Qc2 Bxc3 10.bxc3 exd5 11.cxd5 Bxd5 12.e4 Bc6 13.O-O-O O-O 14.f4 Nbd7 15.Nc4 Bxe4
16.Bd3 Qe7 17.Rhe1 d5 18.Bxe4 dxe4 19.Nd6 c4 20.Rxe4 Qd8 21.Rxc4 b5 22.Nxb5 Qa5
23.Qa4 Qb6 24.Nd4 Rac8 25.Bxf6 Nxf6 26.Rc6 Qb7 27.Qb4 Qd7 28.Qc4 Nd5 29.Rxc8 Rxc8
30.Nc6 Rxc6 31.Rxd5 Qc7 32.Rd8+ Kh7 33.Qd3+ g6 34.Qd4 Rxc3+ 35.Kd2 Rc2+ 36.Kd3 Rc3+
37.Kd2 Rc2+ 38.Kd3 Rc3+  1/2-1/2

[Event "75th Ambelokipi Open"]
[Site "Athens GRE"]
[Date "2007.01.27"]
[Round "5"]
[White "Draci,R"]
[Black "Mitsakos,A"]
[Result "1-0"]
[WhiteElo "2201"]
[BlackElo "1871"]

1.d4 Nf6 2.c4 e6 3.Nf3 Bb4+ 4.Nc3 b6 5.Bg5 Bb7 6.e3 O-O 7.Bd3 d6 8.Qc2 Bxc3+
9.Qxc3 h6 10.Bh4 Nbd7 11.O-O-O a5 12.Kb1 a4 13.Nd2 Ba6 14.f4 d5 15.Bxf6 Nxf6
16.e4 Ng4 17.Rdf1 c5 18.cxd5 cxd4 19.Qxd4 Bxd3+ 20.Qxd3 exd5 21.e5 f5 22.h3 Nxe5
23.fxe5  1-0

[Event "Open"]
[Site "Moscow RUS"]
[Date "2007.01.29"]
[Round "3"]
[White "Vorobiov,E"]
[Black "Paveliev,A"]
[Result "1-0"]
[WhiteElo "2563"]
[BlackElo "2418"]

1.d4 Nf6 2.c4 e6 3.Nf3 Bb4+ 4.Nc3 Ne4 5.Qc2 d5 6.e3 c5 7.Bd3 Qa5 8.O-O Bxc3
9.bxc3 O-O 10.cxd5 exd5 11.Bxe4 dxe4 12.Qxe4 Nd7 13.Qc2 Nf6 14.e4 cxd4 15.cxd4 Bd7
16.Bd2 Qa6 17.Rfe1 Bb5 18.Ne5 Rac8 19.Qb3 Ba4 20.Qb4 Nd7 21.Nxd7 Bxd7 22.d5 Rc2
23.a3 Qg6 24.Bf4 Qf6 25.e5 Qf5 26.Rac1 Rfc8 27.Rxc2 Rxc2 28.Bg3 b6 29.Qe7 h6
30.e6 Bb5 31.d6 Kh7 32.h4 Qd5 33.exf7 Bc6 34.f8=N+ Kg8 35.Qe6+  1-0

[Event "Gibtelecom Masters"]
[Site "Catalan Bay ENG"]
[Date "2007.01.30"]
[Round "7"]
[White "Schuurman,P"]
[Black "Bellaiche,A"]
[Result "0-1"]
[WhiteElo "2275"]
[BlackElo "2472"]

1.d4 Nf6 2.c4 e6 3.Nc3 Bb4 4.Nf3 d5 5.cxd5 exd5 6.Bg5 Nbd7 7.e3 c5 8.Bd3 c4
9.Bc2 Bxc3+ 10.bxc3 Qa5 11.O-O Qxc3 12.e4 Nxe4 13.Bxe4 dxe4 14.Re1 O-O 15.Rxe4 f6
16.Bf4 Nb6 17.Bd6 Bf5 18.Re3 Qb2 19.Ba3 Qb5 20.Bxf8 Rxf8 21.Nh4 Bd7 22.Qd2 Nd5
23.Rg3 Kh8 24.Qc2 Nf4 25.Re1 Qb4 26.Rc1 g5 27.Rc3 Qxc3  0-1

[Event "Open"]
[Site "Moscow RUS"]
[Date "2007.02.02"]
[Round "7"]
[White "Moiseenko,A1"]
[Black "Chudinovskikh,A"]
[Result "1-0"]
[WhiteElo "2627"]
[BlackElo "2359"]

1.d4 Nf6 2.c4 e6 3.Nc3 Bb4 4.Nf3 c5 5.g3 cxd4 6.Nxd4 Ne4 7.Qd3 Bxc3+ 8.bxc3 Nc5
9.Qd2 b6 10.Nb5 O-O 11.Nd6 Ba6 12.Bg2 Nc6 13.Ba3 f5 14.O-O Rf6 15.Rfd1 Qf8
16.Bxc5 bxc5 17.Nb5 Bc8 18.Rab1 a5 19.f4 h6 20.Qe3 Ra6 21.Nd6 Kh7 22.Qxc5 e5
23.Rb5 exf4 24.gxf4 g6 25.Nxc8 Qxc8 26.Bxc6 d6 27.Rb7+  1-0

[Event "ch-CHI FENACH"]
[Site "Santiago CHI"]
[Date "2007.02.10"]
[Round "7"]
[White "Avalos,J"]
[Black "Arancibia,E"]
[Result "1-0"]
[WhiteElo "2272"]
[BlackElo "2358"]

1.d4 Nf6 2.c4 e6 3.Nf3 Bb4+ 4.Nc3 b6 5.Bg5 Bb7 6.Nd2 h6 7.Bh4 Bxc3 8.bxc3 d6
9.Qc2 Nbd7 10.e4 e5 11.Be2 Qe7 12.f3 Nf8 13.Bf2 Ne6 14.g3 c5 15.d5 Nf8 16.f4 exf4
17.gxf4 g5 18.e5 dxe5 19.fxe5 Qxe5 20.O-O N8d7 21.Rae1 O-O 22.Bd1 Qc7 23.Bg3 Qd8
24.Qf5 Re8 25.Bc2 Rxe1 26.Rxe1 Bc8 27.Rf1 Qe7 28.Ne4 Nxe4 29.Bxe4 Nf8 30.Qf3 Bb7
31.Re1 Qd7 32.Bf5 Qd8 33.Be5 f6 34.Bg3 b5 35.Qh5 Bc8 36.Bxc8 Rxc8 37.d6 Kh8
38.Qxh6+ Nh7 39.Re7  1-0

[Event "Aeroflot Open"]
[Site "Moscow RUS"]
[Date "2007.02.14"]
[Round "1"]
[White "Wang Yue"]
[Black "Iordachescu,V"]
[Result "1-0"]
[WhiteElo "2644"]
[BlackElo "2563"]

1.d4 Nf6 2.c4 e6 3.Nc3 Bb4 4.Nf3 c5 5.g3 Nc6 6.Bg2 Ne4 7.Bd2 Nxd2 8.Qxd2 cxd4
9.Nxd4 O-O 10.a3 Be7 11.O-O a6 12.Rac1 Rb8 13.Rfd1 Na5 14.Qd3 b6 15.b4 Nb7
16.Qe3 Nd6 17.Ne4 Bb7 18.Nxd6 Bxd6 19.c5 bxc5 20.bxc5 Bxg2 21.Kxg2 Be7 22.Nc6 dxc6
23.Rxd8 Rfxd8 24.Qf4 Rdc8 25.Qa4 Ra8 26.Qb4 Kf8 27.Qb7 a5 28.Qd7 g6 29.a4 h5
30.h4 Bd8 31.Rb1 Rc7 32.Qd6+ Kg8 33.Rb6 Rac8 34.Ra6 Be7 35.Qd4 Rd8 36.Qf4 Rcd7
37.Rxc6 Rd4 38.Qc7 Bf6 39.Qxa5 Rd2 40.Qa6 Kg7 41.Rc7 Be5 42.Ra7  1-0

[Event "II Int Open"]
[Site "Morelia MEX"]
[Date "2007.02.16"]
[Round "3"]
[White "Capo Vidal,U"]
[Black "Mitkov,N1"]
[Result "0-1"]
[WhiteElo "2375"]
[BlackElo "2551"]

1.d4 Nf6 2.c4 e6 3.Nc3 Bb4 4.Nf3 d5 5.Bg5 h6 6.Bh4 dxc4 7.e3 b5 8.a4 c6 9.Ne5 Bb7
10.Be2 Nbd7 11.f4 Qb6 12.O-O a6 13.Kh1 Rd8 14.Qe1 Be7 15.Qg3 Rg8 16.f5 exf5
17.Bxf6 Nxf6 18.Rxf5 Bc8 19.Rf2 Be6 20.Bf3 Nd5 21.Bh5 Nf6 22.Bf3 Nd5 23.Bh5 g6
24.Ne4 Bg5  0-1

[Event "ch-St Petersburg sf"]
[Site "St Petersburg RUS"]
[Date "2007.02.17"]
[Round "8"]
[White "Zacurdajev,M"]
[Black "Shimanov,A"]
[Result "1-0"]
[WhiteElo "2374"]
[BlackElo "2419"]

1.d4 Nf6 2.c4 e6 3.Nc3 Bb4 4.Nf3 c5 5.g3 cxd4 6.Nxd4 Qc7 7.Bg2 Qxc4 8.O-O Bxc3
9.bxc3 O-O 10.Ba3 Re8 11.Qb3 Qxb3 12.axb3 d5 13.Nb5 Na6 14.Nd6 Rd8 15.c4 Nc7
16.Rfd1 Nce8 17.Nb5 b6 18.e4 Bb7 19.exd5 exd5 20.Nc3 Rd7 21.Bh3 Rdd8 22.Be7 Rdb8
23.Nxd5 Ne4 24.Bg2 N4f6 25.Bxf6 gxf6 26.Ne7+ Kf8 27.Nc6 Rc8 28.Nxa7 Rc7 29.Nb5 Rxa1
30.Rxa1 Re7 31.Bxb7 Rxb7 32.Ra8  1-0

[Event "Aeroflot Open"]
[Site "Moscow RUS"]
[Date "2007.02.19"]
[Round "6"]
[White "Sargissian,G"]
[Black "Aleksandrov,A"]
[Result "1/2-1/2"]
[WhiteElo "2658"]
[BlackElo "2601"]

1.d4 Nf6 2.c4 e6 3.Nf3 Bb4+ 4.Nc3 c5 5.g3 cxd4 6.Nxd4 Ne4 7.Qd3 Qa5 8.Nc2 Bxc3+
9.bxc3 Nc5 10.Qd4 O-O 11.Bg2 Nc6 12.Qe3 b6 13.O-O Bb7 14.Ba3 Qa4 15.Bxc5 bxc5
16.Qd2 Na5 17.Bxb7 Nxb7 18.Ne3 Na5 19.Qd1 Qxd1 20.Rfxd1 Rfd8 21.Rab1 a6 22.Rb6 Kf8
23.Rdb1 Ke7 24.f4 f5 25.Kf2 h6 26.h4 g6 27.Kf3 Rg8 28.g4 fxg4+ 29.Kxg4 Rgf8
30.Kg3 h5 31.Kf3 Nc6 32.Rg1 Rf6 33.Ke4 Kd8 34.Rgb1 Kc7 35.Rb7+ Kc8 36.R7b2 Rf7
37.Ng2 Na5 38.Kd3 Kc7 39.e3 Rf5 40.e4 Rf7 41.Rb6 Rf6 42.R1b2 Rff8 43.Rb1 Ra7
44.R6b2 Nc6 45.Ke3 Rf7 46.Rg1 Ra8 47.Rgb1 e5 48.Rb7+ Kc8 49.R7b6 exf4+ 50.Nxf4 Ne5
51.Nd5 Nxc4+ 52.Kd3 Nxb6 53.Nxb6+ Kb7 54.Nxa8+ Kxa8 55.Rb6 Rf4 56.Rxa6+ Kb7
57.Rxg6 Rxh4 58.Rh6 Kc7 59.e5 Kb7 60.a4 Rxa4  1/2-1/2

[Event "Aeroflot Open"]
[Site "Moscow RUS"]
[Date "2007.02.21"]
[Round "8"]
[White "Sedlak,N"]
[Black "Anastasian,A"]
[Result "1-0"]
[WhiteElo "2561"]
[BlackElo "2587"]

1.d4 Nf6 2.c4 e6 3.Nc3 Bb4 4.Nf3 b6 5.Bg5 h6 6.Bh4 Bxc3+ 7.bxc3 g5 8.Bg3 d6
9.Nd2 Bb7 10.e3 Nbd7 11.h4 Rg8 12.hxg5 hxg5 13.Qa4 Ke7 14.f3 c5 15.O-O-O Qc7
16.Nb3 e5 17.Bd3 Rh8 18.Rhe1 g4 19.f4 Bxg2 20.fxe5 dxe5 21.dxe5 Nxe5 22.Nd4 Nxd3+
23.Rxd3 Qd7 24.Bd6+ Ke8 25.Nb5 Bc6 26.Qc2 Bxb5 27.cxb5 Qe6 28.e4 Rd8 29.e5 Nd5
30.Red1 Nf4 31.R3d2 Qc4 32.e6 Nxe6 33.Be5 Ke7 34.Qf5  1-0

[Event "14th Belisce Metalis Open"]
[Site "Bizovac CRO"]
[Date "2007.02.24"]
[Round "6"]
[White "Mrkonjic,N"]
[Black "Leventic,I"]
[Result "0-1"]
[WhiteElo "2382"]
[BlackElo "2486"]

1.d4 Nf6 2.Nf3 e6 3.c4 Bb4+ 4.Nc3 c5 5.a3 Bxc3+ 6.bxc3 O-O 7.Bf4 Qa5 8.Bd2 Qc7
9.e3 b6 10.Be2 Nc6 11.O-O Ba6 12.Be1 Na5 13.Nd2 cxd4 14.cxd4 Bxc4 15.Nxc4 Nxc4
16.Bb4 Rfc8 17.Qb3 a5 18.Rfc1 d5 19.Be1 Qc6 20.a4 Ne4 21.f3 Ned6 22.Rc3 b5
23.axb5 Nxb5 24.Rcc1 a4 25.Rxa4 Nxd4 26.Rcxc4 Nxe2+  0-1

[Event "64th ch-GEO w"]
[Site "Tbilisi GEO"]
[Date "2007.03.02"]
[Round "1"]
[White "Batsiashvili,N"]
[Black "Tsereteli,T"]
[Result "1-0"]
[WhiteElo "2310"]
[BlackElo "2334"]

1.d4 Nf6 2.c4 e6 3.Nc3 Bb4 4.Nf3 b6 5.Bg5 Bb7 6.Nd2 Be7 7.e4 Nxe4 8.Bxe7 Nxc3
9.Bxd8 Nxd1 10.Bxc7 Nxb2 11.a4 d5 12.cxd5 exd5 13.Ra2 Nc4 14.Nxc4 dxc4 15.Bxc4 Kd7
16.Bg3 Bxg2 17.Rg1 Rc8 18.Bb5+ Bc6 19.Kd2 a6 20.Bc4 Be4 21.Bxf7 Nc6 22.Re1 Rf8
23.Rxe4 Rxf7 24.Rb2 Na5 25.Kd3 Rf3+ 26.Re3 Rf6 27.Bh4 Rc6 28.Re7+ Kc8 29.Rbe2 Rc7
30.Bg3 Rxe7 31.Rxe7 b5 32.Rc7+ Kd8 33.Rxg7 Rc8 34.axb5 axb5 35.Rg5 Nc6 36.Rxb5 Ra8
37.d5 Ra5 38.Rxa5 Nxa5 39.Ke4 Nb7 40.Kf5 Ke7 41.d6+ Kf7 42.Ke5 Nc5 43.Kd5 Nd7
44.Bh4 Nb8 45.f4 h6 46.f5 h5 47.Bg5 Nd7 48.Kc6 Ke8 49.f6 Nf8 50.d7+ Nxd7
51.f7+ Kxf7 52.Kxd7 Kg6 53.h4  1-0

[Event "Interclubes Paulista"]
[Site "Sao Paulo BRA"]
[Date "2007.03.03"]
[Round "5"]
[White "Vescovi,G"]
[Black "Cordova,Em"]
[Result "1-0"]
[WhiteElo "2604"]
[BlackElo "2477"]

1.d4 Nf6 2.c4 e6 3.Nc3 Bb4 4.Nf3 b6 5.Bg5 Bb7 6.Nd2 h6 7.Bh4 Nc6 8.e3 Ne7
9.Bxf6 gxf6 10.Qb3 Bxc3 11.Qxc3 Rg8 12.e4 f5 13.d5 d6 14.O-O-O Qd7 15.g3 O-O-O
16.Bh3 Kb8 17.Rhe1 Qa4 18.exf5 e5 19.f6 Nc8 20.Qb3 Qxb3 21.axb3 b5 22.Kc2 Nb6
23.Kc3 a5 24.Ne4 a4 25.Kb4 bxc4 26.bxc4 Ka7 27.Ra1 Ba6 28.Bf1 c6 29.dxc6 d5
30.Nc5 Bxc4 31.Rxe5 Nc8  1-0

[Event "64th ch-GEO w"]
[Site "Tbilisi GEO"]
[Date "2007.03.04"]
[Round "3"]
[White "Batsiashvili,N"]
[Black "Dzagnidze,N"]
[Result "0-1"]
[WhiteElo "2310"]
[BlackElo "2463"]

1.d4 Nf6 2.c4 e6 3.Nc3 Bb4 4.Nf3 d6 5.Qc2 Nc6 6.Bg5 h6 7.Bh4 g5 8.Bg3 g4
9.d5 exd5 10.cxd5 Nxd5 11.Bh4 Qd7 12.Nd2 Qe6 13.O-O-O Bxc3 14.bxc3 Bd7 15.Ne4 f5
16.c4 Qxe4 17.Qxe4+ fxe4 18.cxd5 Ne5 19.Rd4 Bf5 20.e3 Ng6 21.Bb5+ Kf7 22.Bg3 h5
23.Kd2 h4 24.Bf4 a6 25.Ba4 b5 26.Bb3 Kf6 27.Rc1 Rh7 28.a4 Re8 29.Rc3 Ne5
30.Bxe5+ Kxe5 31.Rc6 g3 32.fxg3 Rg8 33.Rxa6 hxg3 34.hxg3 Rxg3 35.Ra8 Rxg2+
36.Kc3 Re2 37.Re8+ Kf6 38.Rf8+ Ke5 39.Re8+ Kf6 40.Rf8+ Kg6 41.axb5 Rh3 42.Kb4 Rhxe3
43.Rd1 Re1 44.Rxe1 Rxe1 45.Bc2 Rc1 46.Kb3 Rh1 47.Kc3 Kg5 48.Rf7 Rh7 49.Rf8 Kf4
50.Kd4 Re7 51.Rf6 Kg5 52.Rf8 Re5 53.Bd1 e3 54.Be2 Re4+ 55.Kc3 Re7 56.Kd4 Kf4
57.Ra8 Re4+ 58.Kc3 Bg4 59.Rf8+ Bf5 60.Ra8 Kg3 61.Rf8 Kf2 62.Bd3 Rf4 63.Rf7 Rf3
64.Re7 Bxd3 65.Kxd3 Rf5 66.Rxc7 e2  0-1

[Event "I Open"]
[Site "La Laguna ESP"]
[Date "2007.03.05"]
[Round "1"]
[White "Mchedlishvili,M"]
[Black "Rodriguez Lorenzo,Y"]
[Result "1-0"]
[WhiteElo "2583"]
[BlackElo "1933"]

1.d4 Nf6 2.c4 e6 3.Nc3 Bb4 4.Nf3 O-O 5.Bg5 d5 6.cxd5 exd5 7.e3 c6 8.Bd3 Bg4
9.Qc2 h6 10.Bh4 Be7 11.Ne5 Be6 12.O-O-O c5 13.dxc5 Na6 14.Bxa6 bxa6 15.Nc6 Qc7
16.Nxe7+  1-0

[Event "FSGM March"]
[Site "Budapest HUN"]
[Date "2007.03.06"]
[Round "4"]
[White "Berczes,D"]
[Black "Ilincic,Z"]
[Result "1/2-1/2"]
[WhiteElo "2433"]
[BlackElo "2451"]

1.d4 Nf6 2.c4 e6 3.Nc3 Bb4 4.Nf3 h6 5.Qc2 d5 6.a3 Bxc3+ 7.Qxc3 a5 8.Qc2 a4
9.Bf4 Nc6 10.e3 O-O 11.h3 Bd7 12.cxd5 Nxd5 13.Bg3 Na5 14.Rd1 Nb3 15.Be2 c5
16.O-O cxd4 17.e4 Rc8 18.Qb1 Nf6 19.Nxd4 Nxd4 20.Rxd4 Qa5 21.Bd6 Rfe8 22.e5 Nd5
23.Qd3 Qb6 24.Rg4 Qxb2 25.Bf3 Bb5 26.Qb1 Rc2 27.Qxb2 Rxb2 28.Rc1 Bc6 29.Bxd5 exd5
30.Rc3 Bd7 31.Rd4 Bc6 32.Rg3 Re2 33.Rdg4 g6 34.h4 Kg7 35.Rf4 Re4 36.Rgf3 Rxf4
37.Rxf4 Re6 38.f3 g5 39.hxg5 hxg5 40.Rg4 Kg6 41.Bc7 Kf5 42.Kf2 Rh6 43.Ke3 Rh1
44.Bd8 Ra1 45.Be7 Kxe5 46.Rxg5+ f5 47.f4+ Ke6 48.Bb4 Rd1 49.g4 fxg4 50.Rg6+ Kf7
51.Rxg4 Bb5 52.f5 Bc4 53.Kf4 Rd4+ 54.Kg5 Rd3 55.Rh4 b5 56.Rh7+ Kg8 57.Rc7 d4
58.Rc8+ Kh7 59.Bd6 Re3 60.Rc7+ Kg8 61.Kg6 Re8 62.Be5 Bf7+ 63.Rxf7 Rxe5 64.Rd7 Kf8
65.f6 Re8 66.Rh7  1/2-1/2

[Event "ch-TUR"]
[Site "Ankara TUR"]
[Date "2007.03.07"]
[Round "7"]
[White "Demir,Z"]
[Black "Can,E"]
[Result "0-1"]
[WhiteElo "2016"]
[BlackElo "2409"]

1.d4 Nf6 2.c4 e6 3.Nc3 Bb4 4.Nf3 d5 5.cxd5 exd5 6.Bg5 h6 7.Bh4 g5 8.Bg3 Ne4
9.Rc1 h5 10.Nd2 Nxd2 11.Qxd2 h4 12.Qe3+ Kf8 13.Qe5 f6 14.Qxc7 Qxc7 15.Bxc7 Nc6
16.a3 Bxc3+ 17.Rxc3 Ke7 18.h3 Nxd4 19.e3 Nc6 20.Be2 Be6 21.O-O Rac8 22.Bh2 Rhd8
23.Bd1 Ne5 24.Bxe5 fxe5 25.Rxc8 Rxc8 26.Bb3 Rc5 27.a4 Rc6 28.Rd1 Rb6 29.Bxd5 Rxb2
30.Bf3 b6 31.Rc1 Kd6 32.Bc6 Bb3 33.Bb5 Bc2 34.f3 Ra2 35.e4 a6 36.Bxa6 Bxa4
37.Bb7 Bc2 38.Bd5 Rb2 39.Kh2 b5 40.Ra1 Ba4 41.Ra3 Kc5 42.Rc3+ Kd4 43.Rc7 b4
44.Be6 Ke3 45.Rg7 Bd1 46.Rf7 b3 47.Rf5 Kd4 48.Rxg5 Rd2 49.f4 b2 50.Ba2 Bb3  0-1

[Event "64th ch-GEO w"]
[Site "Tbilisi GEO"]
[Date "2007.03.07"]
[Round "6"]
[White "Batsiashvili,N"]
[Black "Gvetadze,Sopi"]
[Result "1-0"]
[WhiteElo "2310"]
[BlackElo "2416"]

1.d4 Nf6 2.c4 e6 3.Nc3 Bb4 4.Nf3 c5 5.g3 cxd4 6.Nxd4 Ne4 7.Qd3 Bxc3+ 8.bxc3 Nc5
9.Qe3 d6 10.Ba3 O-O 11.Bg2 Nba6 12.O-O e5 13.Nb5 Qb6 14.Rfd1 Rd8 15.Rd2 Be6
16.Rad1 Qa5 17.Bxc5 Nxc5 18.Nxd6 Rab8 19.Qxe5 Rf8 20.Bd5 Qc7 21.Bxe6 fxe6
22.Qe3 b6 23.Ne4 Qe5 24.Rd4 h6 25.f4 Qf5 26.Nxc5 bxc5 27.Rd6 Rfe8 28.Rd7 Rb1
29.Rxb1 Qxb1+ 30.Kg2 Qb6 31.Qe4 Kh8 32.Qb7 Rb8 33.Qxb6 Rxb6 34.Rxa7 Rb2 35.Kf2 Rc2
36.Re7 Rxc3 37.Rxe6 Rxc4 38.Rc6 Kg8 39.Rc7 Kh7 40.a4 Rxa4 41.Rxc5 Ra2 42.h4 Kg6
43.h5+ Kf6 44.Kf3 Ra1 45.e4 Ra3+ 46.Kg4 Re3 47.e5+ Kf7 48.Rc7+ Kf8 49.Rc6 Kf7
50.Rg6 Re1 51.Kf5 Re3 52.g4 Re1 53.Ra6 Rg1 54.Ra7+ Kg8 55.Ra8+ Kh7 56.e6 Re1
57.Ra5  1-0

[Event "TCh-NOR 2006-7"]
[Site "Oslo NOR"]
[Date "2007.03.09"]
[Round "7"]
[White "Haugli,P"]
[Black "David,Ed"]
[Result "1/2-1/2"]
[WhiteElo "2321"]
[BlackElo "2205"]

1.d4 Nf6 2.c4 e6 3.Nc3 Bb4 4.Nf3 b6 5.Bg5 Bb7 6.e3 h6 7.Bh4 g5 8.Bg3 Ne4
9.Qc2 Bxc3+ 10.bxc3 d6 11.Bd3 f5 12.d5 Nd7 13.Bxe4 fxe4 14.Qxe4 Qf6 15.O-O Nc5
16.Qd4 Rf8 17.Nd2 e5 18.Qg4 Qg6 19.f4 Bc8 20.Qe2 gxf4 21.exf4 Bg4 22.Qe3 e4
23.Bh4 Bf5 24.Nb3 Rg8 25.Rf2 Nd3 26.Rc2 Kd7 27.Nd4 Rae8 28.Rf1 Rg7 29.Kh1 Qh5
30.Rd2 Rg4 31.Be1 Reg8 32.h3 Nxe1 33.Qxe1 Rg3 34.Nxf5 Qxf5 35.Re2 Kc8 36.Kh2 Qg6
37.Rg1 e3 38.Qb1 Qh5 39.Qd3 Qe8 40.Qf5+ Kb7 41.Qe6  1/2-1/2

[Event "64th ch-GEO w"]
[Site "Tbilisi GEO"]
[Date "2007.03.10"]
[Round "8"]
[White "Batsiashvili,N"]
[Black "Khurtsidze,N"]
[Result "1/2-1/2"]
[WhiteElo "2310"]
[BlackElo "2451"]

1.d4 Nf6 2.c4 e6 3.Nc3 Bb4 4.Nf3 c5 5.g3 Nc6 6.Bg2 Ne4 7.Qd3 cxd4 8.Nxd4 Nxc3
9.bxc3 Ne5 10.Qc2 Be7 11.Qb3 O-O 12.O-O Qc7 13.Bf4 d6 14.Nb5 Qc5 15.Be3 Qxc4
16.f4 a6 17.Na3 Qxb3 18.axb3 Ng4 19.Bd4 d5 20.e4 Nf6 21.exd5 Nxd5 22.Nc4 Bd7
23.Bxd5 exd5 24.Nb6 Rad8 25.Nxd5 Bd6 26.Ne3 Bh3 27.Rfe1 Bc7 28.Kf2 f6 29.b4 g5
30.f5 Kf7 31.b5 axb5 32.Reb1 Ra8 33.Rxa8 Rxa8 34.Rxb5 Ra2+ 35.Kf3 b6 36.Bxb6 Be5
37.Bd4 Bxd4 38.cxd4 h5 39.Rb7+ Kf8 40.Rb6 Kf7 41.Rb7+ Kf8 42.Rb6  1/2-1/2

[Event "66th ch-GEO"]
[Site "Tbilisi GEO"]
[Date "2007.03.15"]
[Round "2"]
[White "Kacheishvili,G"]
[Black "Aroshidze,L"]
[Result "1-0"]
[WhiteElo "2587"]
[BlackElo "2531"]

1.d4 Nf6 2.c4 e6 3.Nc3 Bb4 4.Nf3 Bxc3+ 5.bxc3 b6 6.Bg5 h6 7.Bh4 g5 8.Bg3 Ne4
9.Nd2 Nxg3 10.fxg3 Bb7 11.e4 d6 12.Be2 Nd7 13.O-O Qe7 14.Bh5 Rh7 15.Qa4 Kf8
16.Rf2 Kg8 17.Raf1 f6 18.h3 a5 19.Qc2 Rf8 20.Re1 Nb8 21.Nf1 Bc6 22.Re3 Be8
23.Bxe8 Qxe8 24.g4 h5 25.Ng3 hxg4 26.hxg4 Nd7 27.Nh5 Qg6 28.Kf1 Rh6 29.Ke1 Qh7
30.Qe2 Qe7 31.Ref3 Qh7 32.Kd2 Qg6 33.Qe3 Rf7 34.Kc1 Rhh7 35.Qd3 Rf8 36.Qc2 Rhf7
37.Rf1 Rh7 38.Re1 Qe8 39.Qa4 Qa8 40.Qb5 Qd8 41.Ref1 Rh6 42.Kd2 Rf7 43.Kd3 Qc8
44.Rxf6 Rfxf6 45.Rxf6 Rxf6 46.Qxg5+ Kf7 47.Qg7+ Ke8 48.Nxf6+ Nxf6 49.Qxf6  1-0

[Event "66th ch-GEO"]
[Site "Tbilisi GEO"]
[Date "2007.03.16"]
[Round "3"]
[White "Gagunashvili,M"]
[Black "Giorgadze,G1"]
[Result "1/2-1/2"]
[WhiteElo "2611"]
[BlackElo "2610"]

1.d4 Nf6 2.c4 e6 3.Nc3 Bb4 4.Nf3 c5 5.e3 Nc6 6.Be2 cxd4 7.exd4 d5 8.O-O O-O
9.Bg5 Be7 10.a3 b6 11.Re1 dxc4 12.Bxc4 Bb7 13.Qd3 h6 14.Bd2 Na5 15.Ba2 Bxf3
16.Qxf3 Qxd4 17.Bf4 Rac8 18.Rac1 Qd7  1/2-1/2

[Event "60th ch-RUS sf Urals"]
[Site "Nizhnij Tagil RUS"]
[Date "2007.03.17"]
[Round "4"]
[White "Smirnov,Max"]
[Black "Matvienko,I"]
[Result "1-0"]
[WhiteElo "2119"]
[BlackElo "2192"]

1.d4 Nf6 2.c4 e6 3.Nc3 Bb4 4.Nf3 O-O 5.g3 c5 6.Bg2 Nc6 7.O-O cxd4 8.Nxd4 e5
9.Nc2 Bxc3 10.bxc3 Qa5 11.Bb2 Rd8 12.Nb4 Qc5 13.Nxc6 bxc6 14.Qa4 e4 15.Ba3 Qe5
16.Rfd1 a5 17.Bd6 Qe6 18.Bc7 Re8 19.e3 Ba6 20.Bf1 Qf5 21.h3 d5 22.Qxc6 Bxc4
23.g4 Nxg4 24.hxg4 Qxg4+ 25.Bg3 h5 26.Qd6 Bxf1 27.Kxf1 h4 28.Bh2 Qh3+ 29.Ke2 Qf3+
30.Ke1 Rad8 31.Qf4 Qh3 32.Ke2 Re6 33.Rg1 Kf8 34.Rg4 Rb6 35.Rxh4 Qe6 36.Rh8+ Ke7
37.Qc7+ Rd7 38.Qe5 Rb2+ 39.Kf1 Rc2 40.Qxe6+ Kxe6 41.Ra8 Kf5 42.Rxa5 Kg4 43.Kg2 Rd2
44.Rc5 g5 45.a4 f5 46.Rc8 Rb7 47.Rg8 Rbb2 48.Rf1 Kh5 49.Bf4  1-0

[Event "66th ch-GEO"]
[Site "Tbilisi GEO"]
[Date "2007.03.17"]
[Round "4"]
[White "Mchedlishvili,M"]
[Black "Giorgadze,G1"]
[Result "1/2-1/2"]
[WhiteElo "2583"]
[BlackElo "2610"]

1.d4 Nf6 2.c4 e6 3.Nf3 Bb4+ 4.Nc3 c5 5.g3 Nc6 6.Bg2 Ne4 7.Bd2 Bxc3 8.bxc3 O-O
9.O-O Nxd2 10.Qxd2 cxd4 11.cxd4 d6 12.c5 d5 13.Rfc1 Bd7 14.Qf4 Qb8 15.Rab1 Qxf4
16.gxf4 Rab8 17.Ne5 Nxe5 18.fxe5 Rfc8 19.e4 dxe4 20.Bxe4 Bc6 21.f3 f5 22.exf6 gxf6
23.Rb4 Rc7 24.Bxc6 Rxc6 25.Ra4 a6 26.Rb4 b6 27.Kf2 Kf7 28.Rcb1  1/2-1/2

[Event "Magistral Ruy Lopez"]
[Site "Zafra ESP"]
[Date "2007.03.17"]
[Round "1"]
[White "Sargissian,G"]
[Black "Hou Yifan"]
[Result "1-0"]
[WhiteElo "2658"]
[BlackElo "2509"]

1.d4 e6 2.c4 Nf6 3.Nc3 Bb4 4.Nf3 b6 5.Bg5 Bb7 6.Nd2 c5 7.d5 h6 8.Bh4 Bxc3
9.bxc3 Qe7 10.Qc2 d6 11.e4 O-O 12.Bd3 Nbd7 13.O-O e5 14.f3 Rfb8 15.Rfe1 Nf8
16.Bf2 Ng6 17.g3 Bc8 18.h4 Bd7 19.Nf1 Rb7 20.Ne3 Nh5 21.a4 a5 22.Kf1 Kf8
23.Qd1 Nf6 24.Kg2 Kg8 25.Rb1 Rab8 26.Rh1 h5 27.Be1 Qd8 28.Bd2 Kf8 29.Bc2 Ke8
30.Nf5 Bxf5 31.exf5 Ne7 32.g4 Qd7 33.g5 Nfg8 34.f4 Nxf5 35.Qxh5 Kd8 36.Rbf1 e4
37.Bxe4 Kc7 38.Re1 g6 39.Qh7 Rf8 40.h5 Nge7 41.Bxf5 Nxf5 42.hxg6 fxg6 43.Qxd7+ Kxd7
44.Re6 Rg8 45.Kf3 Kc8 46.Kg4 Rf7 47.Rf6 Rgg7 48.Rh6 Rxf6 49.Rh8+ Rf8 50.Rxf8+ Kd7
51.Rxf5 gxf5+ 52.Kxf5 Re7 53.g6 Ke8 54.Kf6 Kf8 55.f5 Re2 56.Bf4  1-0